01937nam a2200373 a 4500001001000000003000400010005001700014008004100031040002500072082002500097245007000122260010900192300002100301500007800322500007400400590002700474651006600501651006400567700003300631700003300664700003800697700003500735700002700770700003400797700002700831700003400858910003700892942001400929952012900943952018801072952012901260952015901389999001501548000005064OSt20240430111443.0090729s1978 dr 000 0 spa d aDO-SdBNPbspacBNPHU 4a330.97293bE19d 197700aEconomía dominicana, 1977 /cJosé Luis Alemán ... [et al.]. aSanto Domingo :bAsociación para el desarrollo,bFondo para el avance de las Ciencias Sociales,c1978. a295 p. ;c21 cm. aA la cabeza del titulo: Academia de Ciencias de la República Dominicana aIncluye referencias bibliográficas y notas al pie de las páginas. aInventariado, 2018/ YL 4aRepública DominicanaxCondiciones Económicasy1977914555 4aRepública DominicanaxPolítica Económicay19779145561 aAlemán, José Luis,9704612aCabral, Manuel José91267812aCastillo, Francisco José91267912aDespradel, Carlosd1942-9928012aMungía, Jorge91455712aPérez Minaya, Ramón9943712aVolmar, Gustavo91268212aVega, Bernardo,d1938 -93222 aValidado. Control de calidad MFF 2ddccLBS1 00102ddc56708DSaBNPHUbGRcHDd2013-07-09l0oBNPHU DS 330.97293 E19d 1977p5064-30r2020-06-25te. 3w2020-06-25yLFDS 00102ddc51718PDaBNPHUbPDcHDd2009-07-29l0oBNPHU PD 330.97293 E19d 1977p5064-10r2020-06-25w2020-06-25yLFPDzPerteneció a la biblioteca personal de Germán Emilio Ornes. 00102ddc53728PDaBNPHUbPDcHDd2011-10-12l0oBNPHU PD 330.97293 E19d 1977p5064-20r2020-06-25te. 2w2020-06-25yLFPD 00102ddc56708DSaBNPHUbGRcHDd2010-03-25eDonado por Irma Rodríguez l0oBNPHU DS 330.97293 E19d 1977p5064-40r2020-06-25te. 4w2020-06-25yLFDS c4868d4868